Szczegóły MARC21

Modelowanie wpływu inwestycji w infrastrukturę transportu na środowisko naturalne /

003 -Nazwa inst., której nr kontr. jest w polu 001 [,]
    • @
    • Nazwa instytucji, której n kontrolny jest w polu 001
    • NUKAT
005 -DATA I CZAS OSTATNIEJ MODYFIKACJI [,]
    • @
    • pole kontrolne
    • 20241231110648.0
020 -Międzynarod. znormalizowany nr książki - ISBN [ , ]
    • a
    • Numer ISBN
    • 9788375186680 Find
040 -Instytucja sporządzająca opis [ , ]
    • a
    • Instytucja, która sporządziła opis (NP)
    • KR U/BP
    • c
    • Instytucja, która sporządziła rekord (NP)
    • KR U/BP
    • d
    • Instytucja, która zmodyfikowała rekord (P)
    • KR U/AgP
    • d
    • Instytucja, która zmodyfikowała rekord (P)
    • KR U/KNs
041 -Język dokumentu [0, ]
    • a
    • Język tekstu (P)
    • polski
    • b
    • Język streszczeń lub abstraktu (P)
    • angielski
942 -Rodzaj dokumentu [ , ]
    • c
    • Rodzaj dokumentu
    • Książka
100 -Hasło główne - nazwa osobowa [1, ]
    • a
    • Nazwa osobowa (NP)
    • Strulak-Wójcikiewicz, Roma.
    • 9
    • KHW
    • 91881
245 -Strefa tytułu i oznaczenia odpowiedzialności [1,0]
    • a
    • Tytuł
    • Modelowanie wpływu inwestycji w infrastrukturę transportu na środowisko naturalne / Find
    • c
    • Pozostałe elementy strefy tytułu i oznaczenia odpowiedzialności (NP)
    • Roma Strulak-Wójcikiewicz.
260 -Strefa adresu wydawniczego [ , ]
    • a
    • Miejsce wydania (P)
    • Szczecin :
    • b
    • Nazwa wydawcy (P)
    • Uniwersytet Szczeciński Wydział Nauk Ekonomicznych i Zarządzania,
    • c
    • Data wydania (P)
    • 2014.
300 -Strefa opisu fizycznego [ , ]
    • a
    • Określenie formy książki i/lub objętość (NP)
    • 261, [1] s. :
    • b
    • Oznaczenie ilustracji (NP)
    • il. ;
    • c
    • Format (NP)
    • 24 cm.
336 -Typ zawartości [ , ]
    • a
    • Termin opisujący typ zawartości
    • Tekst
    • b
    • Kod określający zawartość
    • txt
    • 2
    • Źródło (terminu i kodu)
    • rdacontent
337 -Typ mediów [ , ]
    • a
    • Tryb odtwarzania
    • Bez urządzenia pośredniczącego
    • b
    • Kod typu mediów
    • n
    • 2
    • Źródło (terminu i kodu)
    • rdamedia
338 -Typ/rodzaj nośnika [ , ]
    • a
    • Hasło opisujące typ nośnika
    • Wolumin
    • b
    • Kod typu nośnika
    • nc
    • 2
    • Źródło (terminu i kodu)
    • rdacarrier
504 -Uwaga dot. bibliogr. załącznikowej [ , ]
    • a
    • Uwaga dot. bibliografii załącznikowej
    • Bibliogr. s. 222-256.
546 -Uwaga dot. języka [ , ]
    • a
    • Uwaga dot. języka
    • Streszcz. ang.
080 -Uniwersalna Klasyfikacja Dziesiętna [ , ]
    • 2
    • Identyfikator wydania tablic
    • UDC-P058
    • 9
    • UKD
    • 5536
    • a
    • Symbol klasyfikacji
    • 656.01
    • b
    • Dopowiedzenie
    • Zagadnienia organizacyjne w ogólności. Parkingi. Miejsca postojowe.
080 -Uniwersalna Klasyfikacja Dziesiętna [ , ]
    • 2
    • Identyfikator wydania tablic
    • UDC-P058
    • 9
    • UKD
    • 2972
    • a
    • Symbol klasyfikacji
    • 330.43
    • b
    • Dopowiedzenie
    • Ekonometria.
080 -Uniwersalna Klasyfikacja Dziesiętna [ , ]
    • 2
    • Identyfikator wydania tablic
    • UDC-P058
    • 9
    • UKD
    • 4011
    • a
    • Symbol klasyfikacji
    • 504.61
    • b
    • Dopowiedzenie
    • Szkodliwy wpływ działalności ludzkiej na środowisko. np.: działania wojenne, roboty inżynieryjne, roboty budowlane.
650 -Hasło przedmiotowe [ ,7]
    • a
    • Hasło przedmiotowe
    • Transport
    • x
    • Określnik rzeczowy
    • aspekt środowiskowy.
    • 2
    • Źródło terminu
    • kaba
    • 9
    • KHW
    • 366542
650 -Hasło przedmiotowe [ ,7]
    • a
    • Hasło przedmiotowe
    • Inwestycje
    • x
    • Określnik rzeczowy
    • aspekt środowiskowy.
    • 2
    • Źródło terminu
    • kaba
    • 9
    • KHW
    • 381669
980 -Symbol UKD [ , ]
    • a
    • UKD
    • 656.01:330.43:504.61
710 -Hasło dodatkowe - nazwa ciała zbiorowego [2, ]
    • a
    • Nazwa ciała zbiorowego lub nazwa geograficzna jako pierwszy element (NP)
    • Uniwersytet Szczeciński.
    • b
    • Nazwa jednostki podrzędnej (P)
    • Wydział Nauk Ekonomicznych i Zarządzania.
    • 4
    • Kod relacji
    • pbl
    • 9
    • KHW
    • 1321
920 -ISBN [ , ]
    • a
    • ISBN
    • 978-83-7518-668-0 Find
Lokalizacja Data inwentaryzacji Status udost. Numer inwentarzowy Sygnatura
BE2015-02-10-2E.75698 
BG2015-02-10-3Z.119682 
T2015-02-10-2T.18740T.18740